000 00558nam a22001937a 4500
999 _c103765
_d103765
005 20230112143339.0
010 _aENG-116149 ENG-135791
020 _c395..00
_a9789325990333
035 _aEN-99681
035 _aEN-119503
037 _bDBAD/PUB
082 _a621.381
100 _aSatish K. Karna
245 _aDigital electronics /
_cby Satish K. Karna
260 _aNew Delhi
_bS.Chand & Company
_c2016
270 _a7361,Ram Nagar,
_bNew delhi
_e110055
300 _aVarious Pagings
_c24cm(Hb)
942 _2ddc
_cEN
_h621.381
_mSAT